Zmeny vo viabilite buniek exprimujúcich P-glykoproteín po pôsobení rapamycínu a látok ovplyvňujúcich metabolizmus sfingolipidov

Guardado en:
Detalles Bibliográficos
Autor principal: Paľková, Veronika (Autor)
Otros Autores: Lakatoš, Boris, 1974- (Orientador)
Formato: Manuscrito Libro
Lenguaje:eslovaco
Publicado: 2015
Materias:
Acceso en línea:http://is.stuba.sk/zp/portal_zp.pl?podrobnosti=113098
Etiquetas: Agregar Etiqueta
Sin Etiquetas, Sea el primero en etiquetar este registro!

MARC

LEADER 00000ntm a22000003a 4500
001 stuzp53098
003 SK-STU
005 20160719154359.4
007 ta
008 150427s2015----xo-----f-mn---000-0-slo-d
040 |a STU  |b slo 
041 0 |a slo 
100 1 |a Paľková, Veronika  |u 043260  |4 aut  |U FCHPT Ústav biochémie, výživy a ochrany zdravia  |T FCHPT Oddelenie biochémie a mikrobiológie  |X 44014  |U C3260  |Y 113  |7 44014 
242 0 1 |a Changes in Viability of Cells Expressing P-glycoprotein after Treatment with Rapamycin and Compounds Affecting Metabolism of Sphingolipids  |y eng 
245 1 0 |a Zmeny vo viabilite buniek exprimujúcich P-glykoproteín po pôsobení rapamycínu a látok ovplyvňujúcich metabolizmus sfingolipidov 
260 |c 2015 
650 4 |a autofágia  |2 slo 
650 4 |a ceramid  |2 slo 
650 4 |a glukozylceramidsyntáza  |2 slo 
650 4 |a P-glykoproteín  |2 slo 
650 4 |a viaclieková rezistencia  |2 slo 
650 4 |a ceramide  |2 eng 
650 4 |a glucosylceramide synthase  |2 eng 
650 4 |a autophagy  |2 eng 
650 4 |a P-glycoprotein  |2 eng 
650 4 |a multiple drug resistance  |2 eng 
700 1 |a Lakatoš, Boris,  |d 1974-  |4 ths  |X 4011  |7 A000004011 
856 4 |u http://is.stuba.sk/zp/portal_zp.pl?podrobnosti=113098 
SQL |a stuzp53098  |b DDP  |c SLO  |d Zmeny vo viabilite buniek exprimujúcich P-glykoproteín po pôsobení rapamycínu a látok ovplyvňujúcich metabolizmus sfingolipidov  |e 44014  |f Paľková, Veronika  |g 043260  |h 4011  |i Lakatoš, Boris  |j 20150609  |k 560  |l 04  |m http://is.stuba.sk/zp/portal_zp.pl?podrobnosti=113098  |n I-BIOTE  |o 5.2.25. biotechnológie